Makanan Menurut Hukum Islam dan Kesihatan: (Record no. 3999)
[ view plain ]
| 000 -LEADER | |
|---|---|
| fixed length control field | 00865nam a22002537a 4500 |
| 001 - CONTROL NUMBER | |
| control field | 06675 |
| 003 - CONTROL NUMBER IDENTIFIER | |
| control field | HDC |
| 007 - PHYSICAL DESCRIPTION FIXED FIELD--GENERAL INFORMATION | |
| fixed length control field | cr bn ---aaaaa |
| 008 - FIXED-LENGTH DATA ELEMENTS--GENERAL INFORMATION | |
| fixed length control field | 210124b20112011my ||||| |||| 00| 0 eng d |
| 040 ## - CATALOGING SOURCE | |
| Original cataloging agency | HDC |
| 100 ## - MAIN ENTRY--PERSONAL NAME | |
| Personal name | Zainal Abidin bin Yahaya |
| Relator term | author |
| 9 (RLIN) | 7116 |
| 245 #0 - TITLE STATEMENT | |
| Title | Makanan Menurut Hukum Islam dan Kesihatan: |
| Remainder of title | Bab 2 |
| Statement of responsibility, etc. | / Zainal Abidin bin Yahaya |
| 260 ## - PUBLICATION, DISTRIBUTION, ETC. | |
| Place of publication, distribution, etc. | Malaysia: |
| Name of publisher, distributor, etc. | Academy of Islamic Studies, UM, |
| Date of publication, distribution, etc. | 2011 |
| 300 ## - PHYSICAL DESCRIPTION | |
| Extent | 1 online resource (117 pages) |
| 336 ## - CONTENT TYPE | |
| Content type term | text |
| Source | rdacontent |
| 337 ## - MEDIA TYPE | |
| Media type term | computer |
| Source | rdamedia |
| 338 ## - CARRIER TYPE | |
| Carrier type term | online resource |
| Source | rdacarrier |
| 500 ## - GENERAL NOTE | |
| General note | Originally from: Hukum pengambilan makanan segera : kajian di Kentucky Fried Chicken (KFC), 2011 (pages 30-146) |
| 650 ## - SUBJECT ADDED ENTRY--TOPICAL TERM | |
| Topical term or geographic name entry element | Convenience foods |
| General subdivision | Religious aspects |
| -- | Islam |
| 9 (RLIN) | 7117 |
| 650 ## - SUBJECT ADDED ENTRY--TOPICAL TERM | |
| Topical term or geographic name entry element | Muslims |
| General subdivision | Dietary laws |
| 9 (RLIN) | 815 |
| 942 ## - ADDED ENTRY ELEMENTS (KOHA) | |
| Source of classification or shelving scheme | Library of Congress Classification |
| 942 ## - ADDED ENTRY ELEMENTS (KOHA) | |
| Koha item type | Chapter in Books |
| 942 ## - ADDED ENTRY ELEMENTS (KOHA) | |
| Call number prefix | EBCH 004282 |
| Withdrawn status | Lost status | Source of classification or shelving scheme | Damaged status | Not for loan | Home library | Current library | Shelving location | Date acquired | Total checkouts | Full call number | Date last seen | Price effective from | Koha item type |
|---|---|---|---|---|---|---|---|---|---|---|---|---|---|
| Library of Congress Classification | Halal Development Corporation Library | Halal Development Corporation Library | Open Shelves | 24/05/2023 | EBCH 004282 | 24/05/2023 | 24/05/2023 | Chapter in Books |
